000 00554nam a2200193Ia 4500
005 20250508155824.0
008 008 250505s9999 xx 000 0 eng d
037 _aDissertations
040 _aFEDL
_beng
_cFEDL
041 _aeng
_2eng
084 _a370.7, PAL/DI
_qFEDL
100 _aPaliwal M P
_9767566
245 0 _aStudy of the problems of student teachers in secondary training college
260 _c1951
300 _a49p.
546 _aM.Ed. Dissertations 1951
942 _cDIS
_h370.7, PAL/DI
999 _c1359466
_d1359466